Diodele tunel si utilizarea lor (Record no. 64817)
[ view plain ]
| 000 -LEADER | |
|---|---|
| fixed length control field | 00329nam a22000977a 4500 |
| 008 - FIXED-LENGTH DATA ELEMENTS--GENERAL INFORMATION | |
| fixed length control field | 230630b |||||||| |||| 00| 0 eng d |
| 040 ## - CATALOGING SOURCE | |
| Original cataloging agency | National Science Library |
| Transcribing agency | National Science Library |
| 245 ## - TITLE STATEMENT | |
| Title | Diodele tunel si utilizarea lor |
| 260 ## - PUBLICATION, DISTRIBUTION, ETC. | |
| Name of publisher, distributor, etc. | Editura academiei republicii socialiste romania |
| Place of publication, distribution, etc. | Bucuresti |
| Date of publication, distribution, etc. | 1968 |
| 942 ## - ADDED ENTRY ELEMENTS (KOHA) | |
| Koha item type | Continuing Resources |
| Source of classification or shelving scheme | Universal Decimal Classification |
| Withdrawn status | Lost status | Source of classification or shelving scheme | Damaged status | Not for loan | Home library | Current library | Shelving location | Date acquired | Total Checkouts | Barcode | Date last seen | Price effective from | Koha item type |
|---|---|---|---|---|---|---|---|---|---|---|---|---|---|
| Universal Decimal Classification | National Science Library | National Science Library | SF/Rk-B3/C-3/R-1 | 17/07/1969 | 27165 | 26/07/2024 | 17/07/1969 | Continuing Resources |